| 000 | 00919nam a2200265 a 4500 | ||
|---|---|---|---|
| 001 | 58504 | ||
| 003 | BD-RJUL | ||
| 005 | 20211209080629.0 | ||
| 008 | 161218s1958 maub b 001 0 eng d | ||
| 035 | _aBD-RJUL 58628 | ||
| 040 |
_aDLC _cWIT _dOCL _dSER _dUKM _dEQO _beng |
||
| 041 | _aeng | ||
| 082 |
_a332.4951 _223 _bCHI 1958 |
||
| 100 | 1 |
_aChang, Kia-ngau, _d1889-1979. _9173787 |
|
| 245 | 1 | 4 |
_aThe inflationary spiral : _bthe experience in China, 1939-1950 / _cChang Kia-ngau. |
| 260 |
_aCambridge, Mass : _bM.I.T. Press, _c1958. |
||
| 300 |
_axvii, 394 p. : _bill. ; _c24 cm. |
||
| 490 | 1 | _aTechnology Press books in the social sciences | |
| 504 | _aIncludes bibliographical footnotes and index. | ||
| 650 | 0 |
_aInflation (Finance) _zChina. _9173788 |
|
| 650 | 0 |
_aCurrency question _zChina. _9173789 |
|
| 830 | 0 |
_aTechnology Press books in the social sciences _9173791 |
|
| 942 |
_2ddc _cBK |
||
| 999 |
_c58504 _d58504 |
||